<The> tax system in Norway past reforms and future challenges

Na minha lista:
Detalhes bibliográficos
Autor principal: Noord, Paul van den
Formato: Livro
Idioma:inglês
Publicado em: Paris OECD 2000
Colecção:Economics department working papers No. 244
Assuntos:
Tags: Adicionar Tag
Sem tags, seja o primeiro a adicionar uma tag!

MARC

LEADER 00000nam a2200000 4500
001 c122670
005 20221221084827.6
041 0 |a eng 
044 |a FR 
245 1 0 |a <The> tax system in Norway  |b past reforms and future challenges  |c Paul van den Noord 
264 1 |a Paris  |b OECD  |c 2000 
300 |a 44 s. 
490 1 |a Economics department working papers  |v No. 244 
830 0 |a Economics department working papers  |v No. 244 
610 2 0 |a dane 
610 2 0 |a systémy daňové 
610 2 0 |a politika daňová 
610 2 0 |a reformy 
610 2 0 |a Nórsko 
100 1 |a Noord, Paul van den